<?xml version="1.0" encoding="UTF-8"?>
<record
    xmlns:xsi="http://www.w3.org/2001/XMLSchema-instance"
    xsi:schemaLocation="http://www.loc.gov/MARC21/slim http://www.loc.gov/standards/marcxml/schema/MARC21slim.xsd"
    xmlns="http://www.loc.gov/MARC21/slim">

  <leader>04969njm a2200625Ia 4500</leader>
  <controlfield tag="001">D3918</controlfield>
  <controlfield tag="003">IT-RoPAU</controlfield>
  <controlfield tag="005">20220918181115.0</controlfield>
  <controlfield tag="008">131025s9999    xx            000 0 und d</controlfield>
  <datafield tag="040" ind1=" " ind2=" ">
    <subfield code="a">IT-RoPAU</subfield>
  </datafield>
  <datafield tag="040" ind1=" " ind2=" ">
    <subfield code="c">IT-RoPAU</subfield>
  </datafield>
  <datafield tag="999" ind1=" " ind2=" ">
    <subfield code="c">99320</subfield>
    <subfield code="d">99320</subfield>
  </datafield>
  <datafield tag="999" ind1=" " ind2=" ">
    <subfield code="b">n.d.</subfield>
  </datafield>
  <datafield tag="100" ind1=" " ind2=" ">
    <subfield code="a">AA.VV.</subfield>
    <subfield code="9">794</subfield>
  </datafield>
  <datafield tag="100" ind1=" " ind2=" ">
    <subfield code="e">Autore musica</subfield>
    <subfield code="9">30898</subfield>
  </datafield>
  <datafield tag="100" ind1=" " ind2=" ">
    <subfield code="g">Codice autore musica SPICS: 12000</subfield>
    <subfield code="9">796</subfield>
  </datafield>
  <datafield tag="245" ind1=" " ind2=" ">
    <subfield code="a">Flauto nel jazz (Il)</subfield>
  </datafield>
  <datafield tag="250" ind1=" " ind2=" ">
    <subfield code="a">2a ed.</subfield>
  </datafield>
  <datafield tag="260" ind1=" " ind2=" ">
    <subfield code="a">MILANO</subfield>
  </datafield>
  <datafield tag="260" ind1=" " ind2=" ">
    <subfield code="b">RUSCONI</subfield>
    <subfield code="c">1995 [1a Ed.:]</subfield>
  </datafield>
  <datafield tag="300" ind1=" " ind2=" ">
    <subfield code="a">COMPACT DISC</subfield>
  </datafield>
  <datafield tag="300" ind1=" " ind2=" ">
    <subfield code="c">72 minuti (Testo:  pag.)</subfield>
  </datafield>
  <datafield tag="500" ind1=" " ind2=" ">
    <subfield code="a">Musica jazz. Cd fuori commercio allegato al n. 11 1995 della rivista "Musica jazz".</subfield>
  </datafield>
  <datafield tag="505" ind1=" " ind2=" ">
    <subfield code="a">Things Ain't They Used To Be (Hackensack, 20 settembre 1957) (9:00)] - Over the Rainbow [(Los Angeles, 6 novembre 1956) (6:00)] - Delerious Trimmings [(Hackensack, 10 ottobre 1958) (Richardson Jerome) (6:00)] - Lullaby of Birdland [(Los Angeles, 19 dicembre 1953) (4:00)] - Chasin' the Bird [(Hackensack, 21 marzo 1957) (9:00)] - Sweet Blanche (7:00) - I'll Remember April [(Englewood Cliffs, 29 dicembre 1961) (7:00)] - Back Home [(New York, 20 o 24 luglio 1959) (Taylor Billy) (7:00)] - Funk Underneath [(Englewood Cliffs, 11 luglio 1961) (Kirk Roland) (7:00)] - Glad To Be Unhappy [(New York, 1 aprile 1960) (6:00)] - Brown, Warm and Wintry [(New York, 27 dicembre 1968) (Dejohnette Jack) (6:00)] - Intimate Intrlude [(New York, 8 dicembre 1970) (Ellington Duke) (6:00)]</subfield>
  </datafield>
  <datafield tag="511" ind1=" " ind2=" ">
    <subfield code="a">Wess Frank: fl; Coltrane John: ten; Quinichette Paul: ten; Waldron Mal: p; Watkins Doug: cb; Taylor Art: batt</subfield>
  </datafield>
  <datafield tag="511" ind1=" " ind2=" ">
    <subfield code="a">Collette Buddy: fl; Friedman Don: p; Goodman John: cb; Peters Joe: batt</subfield>
  </datafield>
  <datafield tag="511" ind1=" " ind2=" ">
    <subfield code="a">Cleveland Jimmy: trne; Richardson Jerome: fl; Jones Hank: p; Burrell Kenny: chit; Benjamin Joe: cb; Persip Charlie; Jerome Richardson Sextet</subfield>
  </datafield>
  <datafield tag="511" ind1=" " ind2=" ">
    <subfield code="a">Shank Bud: fl; Kessel Barney: chit; Ross Arnold: p; Babasin Harry: cb; Manne Shelly: batt; Barney Kessel Quintet</subfield>
  </datafield>
  <datafield tag="511" ind1=" " ind2=" ">
    <subfield code="a">Mann Herbie: fl; Jaspar Bobby: fl; Flanagan Tommy: p; Puma Joe: chit; Marshall Wendell: cb; Donaldson Bobby: batt</subfield>
  </datafield>
  <datafield tag="511" ind1=" " ind2=" ">
    <subfield code="a">Jaspar Bobby: fl; Wallington George: p; Little Wilbur: cb; Jones Elvin: batt; Bobby Jaspar Quartet</subfield>
  </datafield>
  <datafield tag="511" ind1=" " ind2=" ">
    <subfield code="a">Lateef Yusef: fl; Harris Barry: p; Wright Herman: cb; Jones Elvin: batt; Yusef Lateef Quartet</subfield>
  </datafield>
  <datafield tag="511" ind1=" " ind2=" ">
    <subfield code="a">Billy Taylor With Four Flutes</subfield>
  </datafield>
  <datafield tag="511" ind1=" " ind2=" ">
    <subfield code="a">Kirk Roland: fl, strich, manzello, ten, sirena; McDuff Jack: org; Benjamin Joe: cb; Taylor Arthur: batt; Roland Kirk With The Jack McDuff Trio</subfield>
  </datafield>
  <datafield tag="511" ind1=" " ind2=" ">
    <subfield code="a">Hubbard Freddie: tr; Dolphy Eric: fl; Byard Jackie: p; Tucker George: cb; Haynes Roy: batt; Eric Dolphy Quintet</subfield>
  </datafield>
  <datafield tag="511" ind1=" " ind2=" ">
    <subfield code="a">Maupin Bennie: fl; Cowell Stanley: p el; Gomez Eddie: cb; Dejohnette Jack: batt; Jack Dejohnette Quartet</subfield>
  </datafield>
  <datafield tag="511" ind1=" " ind2=" ">
    <subfield code="a">Williams Cootie: tr; Johnson Money: tr; Rubin Al: tr; Anderson Cat: tr; Wood Booty: trne; Taylor Malcolm: trne; Connors Chuck: trne; Turney Norris: fl; Procope Russell: cl, alto; Gonsalves Paul: ten; Ashby Harold: ten; Carney Harry: cl, b, bar; Ellington Duke: p; Benjamin Joe: cb; Joines Rufus: batt; Duke Ellington and His Orchestra</subfield>
  </datafield>
  <datafield tag="650" ind1=" " ind2=" ">
    <subfield code="a">JAZZ [COMPACT DISC]</subfield>
    <subfield code="e">Codice MATERIA SPICS: 9949</subfield>
    <subfield code="9">11822</subfield>
  </datafield>
  <datafield tag="700" ind1=" " ind2=" ">
    <subfield code="a">Ellington Mercer</subfield>
    <subfield code="d">Codice autore musica SPICS: 35178</subfield>
    <subfield code="e">Autore musica</subfield>
    <subfield code="p">Things Ain't They Used To Be</subfield>
    <subfield code="9">30899</subfield>
  </datafield>
  <datafield tag="700" ind1=" " ind2=" ">
    <subfield code="a">Arlen Harold</subfield>
    <subfield code="d">Codice autore musica SPICS: 13025</subfield>
    <subfield code="e">Autore musica</subfield>
    <subfield code="p">Over the Rainbow</subfield>
    <subfield code="9">30900</subfield>
  </datafield>
  <datafield tag="700" ind1=" " ind2=" ">
    <subfield code="a">Harburg E. Y.</subfield>
    <subfield code="d">Codice autore SPICS: 15671</subfield>
    <subfield code="e">Autore</subfield>
    <subfield code="p">Over the Rainbow</subfield>
    <subfield code="9">30901</subfield>
  </datafield>
  <datafield tag="700" ind1=" " ind2=" ">
    <subfield code="a">Richardson Jerome</subfield>
    <subfield code="d">Codice autore musica SPICS: 45083</subfield>
    <subfield code="e">Autore musica</subfield>
    <subfield code="p">Delerious Trimmings</subfield>
    <subfield code="9">30902</subfield>
  </datafield>
  <datafield tag="700" ind1=" " ind2=" ">
    <subfield code="a">Shearing</subfield>
    <subfield code="d">Codice autore musica SPICS: 45084</subfield>
    <subfield code="e">Autore musica</subfield>
    <subfield code="p">Lullaby of Birdland</subfield>
    <subfield code="9">30903</subfield>
  </datafield>
  <datafield tag="700" ind1=" " ind2=" ">
    <subfield code="a">Weiss</subfield>
    <subfield code="d">Codice autore SPICS: 23705</subfield>
    <subfield code="e">Autore</subfield>
    <subfield code="p">Lullaby of Birdland</subfield>
    <subfield code="9">30904</subfield>
  </datafield>
  <datafield tag="700" ind1=" " ind2=" ">
    <subfield code="a">Parker Charlie (B.)</subfield>
    <subfield code="d">Codice autore musica SPICS: 10799</subfield>
    <subfield code="e">Autore musica</subfield>
    <subfield code="p">Chasin' the Bird</subfield>
    <subfield code="9">30905</subfield>
  </datafield>
  <datafield tag="700" ind1=" " ind2=" ">
    <subfield code="a">Wallington George</subfield>
    <subfield code="d">Codice autore musica SPICS: 10720</subfield>
    <subfield code="e">Autore musica</subfield>
    <subfield code="p">Sweet Blanche</subfield>
    <subfield code="9">30906</subfield>
  </datafield>
  <datafield tag="700" ind1=" " ind2=" ">
    <subfield code="a">Raye Don</subfield>
    <subfield code="d">Codice autore musica SPICS: 20467</subfield>
    <subfield code="e">Autore musica</subfield>
    <subfield code="p">I'll Remember April</subfield>
    <subfield code="9">30907</subfield>
  </datafield>
  <datafield tag="700" ind1=" " ind2=" ">
    <subfield code="a">De Paul G.</subfield>
    <subfield code="d">Codice autore SPICS: 20243</subfield>
    <subfield code="e">Autore</subfield>
    <subfield code="p">I'll Remember April</subfield>
    <subfield code="9">30908</subfield>
  </datafield>
  <datafield tag="700" ind1=" " ind2=" ">
    <subfield code="a">Johnston A.</subfield>
    <subfield code="d">Codice autore testo/musica SPICS: 20461</subfield>
    <subfield code="e">Autore testo/musica</subfield>
    <subfield code="p">I'll Remember April</subfield>
    <subfield code="9">30909</subfield>
  </datafield>
  <datafield tag="700" ind1=" " ind2=" ">
    <subfield code="a">Taylor Billy</subfield>
    <subfield code="d">Codice autore musica SPICS: 45085</subfield>
    <subfield code="e">Autore musica</subfield>
    <subfield code="p">Back Home</subfield>
    <subfield code="9">30910</subfield>
  </datafield>
  <datafield tag="700" ind1=" " ind2=" ">
    <subfield code="a">Kirk Roland</subfield>
    <subfield code="d">Codice autore musica SPICS: 45107</subfield>
    <subfield code="e">Autore musica</subfield>
    <subfield code="p">Funk Underneath</subfield>
    <subfield code="9">30911</subfield>
  </datafield>
  <datafield tag="700" ind1=" " ind2=" ">
    <subfield code="a">Rodgers Richard</subfield>
    <subfield code="d">Codice autore musica SPICS: 11120</subfield>
    <subfield code="e">Autore musica</subfield>
    <subfield code="p">Glad To Be Unhappy</subfield>
    <subfield code="9">30912</subfield>
  </datafield>
  <datafield tag="700" ind1=" " ind2=" ">
    <subfield code="a">Hart Lorenz</subfield>
    <subfield code="d">Codice autore SPICS: 10738</subfield>
    <subfield code="e">Autore</subfield>
    <subfield code="p">Glad To Be Unhappy</subfield>
    <subfield code="9">30913</subfield>
  </datafield>
  <datafield tag="700" ind1=" " ind2=" ">
    <subfield code="a">Dejohnette Jack</subfield>
    <subfield code="d">Codice autore musica SPICS: 42319</subfield>
    <subfield code="e">Autore musica</subfield>
    <subfield code="p">Brown, Warm and Wintry</subfield>
    <subfield code="9">30914</subfield>
  </datafield>
  <datafield tag="700" ind1=" " ind2=" ">
    <subfield code="a">Ellington Duke</subfield>
    <subfield code="d">Codice autore musica SPICS: 13023</subfield>
    <subfield code="e">Autore musica</subfield>
    <subfield code="p">Intimate Intrlude</subfield>
    <subfield code="9">30915</subfield>
  </datafield>
  <datafield tag="942" ind1=" " ind2=" ">
    <subfield code="c">CD</subfield>
    <subfield code="2">ddc</subfield>
  </datafield>
  <datafield tag="952" ind1=" " ind2=" ">
    <subfield code="0">0</subfield>
    <subfield code="1">0</subfield>
    <subfield code="4">0</subfield>
    <subfield code="6">D_3918_000000000000000</subfield>
    <subfield code="7">1</subfield>
    <subfield code="a">SPICS</subfield>
    <subfield code="b">SPICS</subfield>
    <subfield code="d">2013-10-25</subfield>
    <subfield code="l">0</subfield>
    <subfield code="o">D3918</subfield>
    <subfield code="r">2013-10-25 00:00:00</subfield>
    <subfield code="w">2013-10-25</subfield>
    <subfield code="y">CD</subfield>
    <subfield code="z">Progr. Ins.: 1969 / N.Vol.: 1 / Copie: 1 - Copia rara: n.d. / date import: 01.01.2014 - By Epidotti, Trombetti, Vaglietti</subfield>
  </datafield>
</record>
